000 00240nam a22000977a 4500
999 _c17438
_d17438
008 190215b xxu||||| |||| 00| 0 eng d
100 _aKyalo, Betty
245 _aParents
_bStarting a fresh
_cBetty Kyallo
300 _a60p.
942 _2lcc
_cPER